000 00961nam0a22002771 4500
001 rc\3240947
005 20130115142237.3
021 _aRU
_b[74-76520]
035 _a(NLR Aleph) 007375553
090 _a6452155
_c6452155
100 _a20130115d1974 |||y0rusy50 ca
101 1 _arus
_ctat
102 _aRU
105 _aa z |||a|
200 1 _aПотеплело
_e[Рассказы
_eДля дошкольного возраста
_fПер. с татар. М. Зарецкий
_gИл.: С. Аккуратов]
210 _aКазань
_cТатар. кн. изд-во
_d1974
215 _a17 с.
_cил.
_d20
300 _aПеред загл. авт.: Махмуд Хасанов
700 1 _aХасанов
_bМ. М.
_gМахмут Максудович
702 1 _aЗарецкий
_bМ.
_4730
702 1 _aАккуратов
_bС.
_4440
801 0 _aRU
_bNLR
_gpsbo
801 1 _aRU
_bELAR
_2rusmarc
852 _aNLR
_j74-6/3525
942 _cBOOK
980 _aNB